Statistics for Geography A-Z #9

Click here to take the quiz!

General Stats

  • This quiz has been taken 2,006 times
  • The average score is 17 of 26

Answer Stats

HintAnswer% Correct
MIslamic holy cityMecca
97%
YFirst US National ParkYellowstone
91%
ZCountry that borders the DRCZambia
90%
WNapoleonic battlegroundWaterloo
86%
IKomodo dragon's homeIndonesia
85%
CCzech Republic's new short nameCzechia
81%
HDam on the Colorado riverHoover
81%
UNational language of PakistanUrdu
79%
PRegion of Argentina and ChilePatagonia
77%
FPonte Vecchio cityFlorence
75%
JPoint where two roads join, eg.Junction
74%
KEuropean capital cityKiev
74%
BBirthplace of the RMS TitanicBelfast
73%
QDown Under airlineQantas
73%
AAconcagua's rangeAndes
72%
EHamburg's riverElbe
57%
NMediterranean capital cityNicosia
57%
G'Sea' to the east of NazarethGalilee
56%
OThe Western worldOccident
55%
RRiver crossed by CaesarRubicon
54%
LDiagram explaining map symbolsLegend
53%
TCapital city with altitude of 8688 ftThimphu
36%
DSantorini has a blue oneDome
35%
XCity on China's south-east coastXiamen
27%
VSuva's island; ____ LevuViti
15%
SNZ's third largest islandStewart
9%

Score Distribution

Percentile by Number Answered

Percent of People with Each Score

Your Score History

You have not taken this quiz